000 00790nam a2200229Ia 4500
003 IN-BaIIA
008 211028s9999 xx 000 0 eng d
040 _cIIA Library
080 _a083.52-76
_bIRAS
100 _aBeichman, C. A.
_915661
245 0 _aInfrared astronomical satellite (IRAS)
_bcatalogue and atlases explanatory supplement
_cC. A. Beichman…[et al.]
260 _aCalifornia
_bIRAS Project Office
_c1985
300 _a[various pagings.]
650 _aAstronomy and astrophysics thesaurus
650 _aCatalogue - IRAS
_915662
650 _aIRAS catalogue
_915663
700 _aChester, T. J.
_915664
700 _aClegg, P. E.
_915665
700 _aHabing, H. J.
_915666
700 _aNeugebauuer, G.
_915667
942 _cBK
999 _c9307
_d9307